000 00593nam a2200181 4500
008 160716b xxu||||| |||| 00| 0 eng d
020 _a0132013517
082 _22008
_aDC 570
_bM61
100 _911483
_aMiller, Kenneth R.
245 _aPrentice hall:
_bbiology/
_cKenneth R. Miller and Joseph Levine.
250 _aTeacher's edition
260 _aBoston:
_bNew Jersey,
_cc2008.
300 _axxi, 1146 pages:
_bcolor illustrations;
_c28 cm.
500 _aIncludes appendices, glossary and index.
650 0 _911484
_aBiology
700 _911485
_aLevine, Joseph
_eAuthor
942 _2ddc
_cDC
999 _c3440
_d3440